| 000 | 00844 a2200181 4500 | ||
|---|---|---|---|
| 999 |
_c23603 _d23603 |
||
| 003 | NUST | ||
| 005 | 20170517170514.0 | ||
| 008 | 170517b xxu||||| |||| 00| 0 eng d | ||
| 020 | _a8122903185 | ||
| 040 |
_aDLC _bDLC _cRCMS |
||
| 082 | _a301 DAV | ||
| 100 |
_aKingsley Davis _91004 |
||
| 245 | _aHuman Society | ||
| 260 |
_aDelhi _bSurjeet Publications _cc2007. |
||
| 300 |
_a655 p. _bill; _c20 cm. |
||
| 500 | _aPaperbinding | ||
| 538 | _iShelf # 13, Row # 1, Fiction. | ||
| 856 | _3Table of Contents Only. | ||
| 942 |
_cBK _k301 DAV _2ddc |
||